| 000 | 00776nam a22002417a 4500 | ||
|---|---|---|---|
| 003 | DO-SdBNP | ||
| 005 | 20220819133406.0 | ||
| 007 | ta | ||
| 008 | 220622b2019 dr a|||| |||| 00| 0 spa d | ||
| 020 | _a9789945906769 | ||
| 040 |
_aDO-SdBNP _bspa _cBNPHU |
||
| 082 | 4 |
_aRD861.5 _bG216p _222 |
|
| 100 | 1 |
_925329 _aGarcía de Méndez, Miledys _d1948- |
|
| 245 | 1 | 0 |
_aPoemas de amor y otros detalles / _cMiledys García de Méndez |
| 260 |
_aSanto Domingo : _bOceano Azul, _c2019. |
||
| 300 |
_a143 p. : _bil., _c23 cm. |
||
| 500 | _aIncluye datos biográficos de la autora en la solapa de la cubierta | ||
| 590 | _aInventariado, 2022/BT | ||
| 650 | 4 | _aPoesía dominicana | |
| 650 | 4 | _aLiteratura dominicana | |
| 910 | _aValidado. Control de calidad MFF | ||
| 942 |
_2ddc _cLBS1 |
||
| 999 |
_c52092 _d52092 |
||